000 00552nam a2200169 a 4500
001 000017179
005 20240305141307.0
008 100319s1959 dr a 000 0 spa d
040 _aDO-SdBNP
_bspa
_cBNPHU
082 _axxxx
_bxxxx
100 1 _aSánchez Lamouth, Juan,
_d1929-1968
_920547
245 1 0 _aOtoño y poesía /
_cJuan Sánchez Lamouth.
260 _aCiudad Trujillo :
_bEditora Del Caribe,
_c1959.
300 _a94 p. :
_bil. ;
_c31cm.
590 _aPerteneció a la biblioteca personal de Julio Ortega Frier.
504 _aBibliografía p: 94
999 _c16705
_d16705